[Event "Milan SSM Septembre"]
[Site "Milan"]
[Date "2015.09.13"]
[Round "4"]
[White "Tomarchio, Cono"]
[Black "Vece, Luigi"]
[Result "0-1"]
[WhiteElo "1372"]
[BlackElo "1554"]
[PlyCount "68"]
[EventDate "2015.09.10"]
[EventType "swiss"]
[EventRounds "5"]
[EventCountry "ITA"]
[SourceTitle "EXT 2024"]
[Source "ChessBase"]
[SourceDate "2023.10.10"]
[SourceVersion "1"]
[SourceVersionDate "2023.10.10"]
[SourceQuality "1"]

1. e4 c5 2. Nc3 Nc6 3. Nf3 d6 4. Bc4 e5 5. d3 Be7 6. Nd5 Nf6 7. Nxe7 Qxe7 8. Bg5 h6 9. Bh4 g5 10. Nxg5 hxg5 11. Bxg5 Bg4 12. Bxf6 Bxd1 13. Bxe7 Bxc2 14. Bf6 Rg8 15. 0-0 Nd4 16. b3 b5 17. Bd5 Rc8 18. Bb7 Rc7 19. Bd5 Bxd3 20. Rfd1 Be2 21. Rdc1 Bf3 22. Kf1 Rxg2 23. h4 Rh2 24. Ke1 Ne2 25. Rcb1 Nf4 26. Kd2 Nxd5 27. exd5 Bxd5 28. Ke3 Kd7 29. Rg1 Ke6 30. Bg5 f6 31. Bh6 Rxh4 32. Bg7 Rh7 33. Bf8 Rc8 34. Bg7 Kf7 0-1

[Event "Milan SSM Septembre"]
[Site "Milan"]
[Date "2015.09.11"]
[Round "2"]
[White "Arena, Ignazio"]
[Black "Tomarchio, Cono"]
[Result "1-0"]
[WhiteElo "1490"]
[BlackElo "1372"]
[PlyCount "69"]
[EventDate "2015.09.10"]
[EventType "swiss"]
[EventRounds "5"]
[EventCountry "ITA"]
[SourceTitle "EXT 2024"]
[Source "ChessBase"]
[SourceDate "2023.10.10"]
[SourceVersion "1"]
[SourceVersionDate "2023.10.10"]
[SourceQuality "1"]

1. d4 Nf6 2. c4 d5 3. cxd5 Nxd5 4. e4 Nb4 5. Nc3 e6 6. Nf3 N4c6 7. Bb5 a6 8. Ba4 Bb4 9. 0-0 0-0 10. Be3 b5 11. Bc2 Bb7 12. Qd3 Ne7 13. Rad1 Ng6 14. d5 e5 15. a3 Be7 16. Ne2 Nd7 17. Ng3 Bc5 18. Bc1 Bd6 19. Nf5 Nf6 20. b4 Bc8 21. Rfe1 Re8 22. Ng3 Bg4 23. h3 Bxf3 24. Qxf3 Nh4 25. Qd3 h6 26. Be3 Qc8 27. Rc1 Ng6 28. Nf5 Qd7 29. Bb3 Nf4 30. Bxf4 exf4 31. Nd4 Rac8 32. Nc6 g6 33. e5 Bxe5 34. Rxe5 Rxe5 35. Nxe5 1-0

[Event "Milan Crespi op-B 34th"]
[Site "Milan"]
[Date "2013.12.07"]
[Round "5"]
[White "Tomarchio, Cono"]
[Black "Del Frate, Walter"]
[Result "0-1"]
[WhiteElo "1471"]
[BlackElo "1539"]
[PlyCount "44"]
[EventDate "2013.12.04"]
[EventType "swiss"]
[EventRounds "7"]
[EventCountry "ITA"]
[SourceTitle "EXT 2015"]
[Source "ChessBase"]
[SourceDate "2014.11.20"]
[SourceVersion "1"]
[SourceVersionDate "2014.11.20"]
[SourceQuality "1"]

1. e4 e6 2. d4 d5 3. Nc3 Nf6 4. exd5 exd5 5. Bg5 c6 6. Nf3 Be7 7. Bxf6 Bxf6 8. Be2 0-0 9. 0-0 Bf5 10. Bd3 Bg4 11. h3 Bxf3 12. Qxf3 Bxd4 13. Nd1 Nd7 14. c3 Bb6 15. Qe2 Re8 16. Qc2 Nf6 17. Ne3 Bxe3 18. fxe3 Rxe3 19. Qd2 Qb6 20. Kh1 Rae8 21. Qc2 Qd8 22. Qf2 Rxd3 0-1